00577nam a22001577a 450000500170000000800410001702000180005804100120007608200080008810000180009624500520011426000330016630000080019952001970020765000150040420240822111149.0240812b        |||||||| |||| 00| 0 eng d  a9780713467659  aEnglish  bHOL  aHolmes Doreen  aNeedlepoint Lace : Designs From the Countryside  aLondonbB. T. Batsfordc1991  a144  a•	Acknowledgement
•	Introduction
•	Stitches and Techniques
•	Designs for you to try
•	Hints and Tips
•	Patterns Actual
•	Design Library
•	Suppliers band Sources of Information
  aEmbroidery